ბათუმის შოთა რუსთაველის სახელმწიფო უნივერსიტეტის ბიბლიოთეკა

Медицина антистарения. (ბიბ.ჩანაწერი № 35033)

000 -LEADER
fixed length control field 00917nam a2200277Ia 4500
001 - CONTROL NUMBER
control field 872
003 - CONTROL NUMBER IDENTIFIER
control field GE_BSU
008 - FIXED-LENGTH DATA ELEMENTS--GENERAL INFORMATION
fixed length control field 181216s||||||||xx |||||||||||||| ||und||
020 ## - INTERNATIONAL STANDARD BOOK NUMBER
International Standard Book Number 9785396000766
040 ## - CATALOGING SOURCE
Transcribing agency GE_BSU
080 ## - UNIVERSAL DECIMAL CLASSIFICATION NUMBER
Universal Decimal Classification number 612(075.8)
100 ## - MAIN ENTRY--PERSONAL NAME
Personal name Донцов,В.И.;Крутько,В.Н.;Труханов,А.И.
245 ## - TITLE STATEMENT
Title Медицина антистарения.
245 ## - TITLE STATEMENT
Remainder of title Фундаментальные основы.Библиотека восстановительной медицины.Проблемы геронтологии
245 ## - TITLE STATEMENT
Statement of responsibility, etc. Предисл.В.Н.Шабалина
250 ## - EDITION STATEMENT
Edition statement вып.6
260 ## - PUBLICATION, DISTRIBUTION, ETC.
Place of publication, distribution, etc. Москва
260 ## - PUBLICATION, DISTRIBUTION, ETC.
Name of publisher, distributor, etc. Красанд
260 ## - PUBLICATION, DISTRIBUTION, ETC.
Date of publication, distribution, etc. 2010
300 ## - PHYSICAL DESCRIPTION
Extent 680стр.
653 ## - INDEX TERM--UNCONTROLLED
Uncontrolled term Медицина
653 ## - INDEX TERM--UNCONTROLLED
Uncontrolled term Медицина антистарения
653 ## - INDEX TERM--UNCONTROLLED
Uncontrolled term Проблемы геронтологии
942 ## - ADDED ENTRY ELEMENTS (KOHA)
Koha item type წიგნი
ეგზემპლარები
Withdrawn status Lost status Damaged status Not for loan Date acquired Barcode Date last seen Price effective from Koha item type Public note
        2018-12-17 2470 2018-12-17 2018-12-17 წიგნი დარბაზი